LEADER 02027nam 2200505 450 001 9910789053903321 005 20230725053351.0 010 $a1-61711-761-7 035 $a(CKB)3710000000073476 035 $a(EBL)3404702 035 $a(SSID)ssj0001059562 035 $a(PQKBManifestationID)11602572 035 $a(PQKBTitleCode)TC0001059562 035 $a(PQKBWorkID)11084614 035 $a(PQKB)10009104 035 $a(MiAaPQ)EBC3404702 035 $a(EXLCZ)993710000000073476 100 $a20100608h20112011 uy| 0 101 0 $aeng 135 $aur|n|---||||| 181 $ctxt 182 $cc 183 $acr 200 00$aCurbside consultation in oculoplastics $e49 clinical questions /$feditors, Robert C. Kersten, Timothy J. McCulley 210 1$aThorofare, NJ :$cSLACK Incorporated,$d[2011] 210 4$dİ2011 215 $a1 online resource (276 p.) 225 0$aCurbside consultation in ophthalmology series 300 $aDescription based upon print version of record. 311 $a1-55642-914-2 320 $aIncludes bibliographical references. 327 $asection I. Upper eyelid malposition and related disorders -- section II. Lower eyelid malposition and related disorders -- section III. Eyelid neoplasm -- section IV. Miscellaneous -- section V. Orbital inflammation and infection -- section VI. Orbital neoplasm -- section VII. Trauma -- section VIII. Evisceration, enucleation, and the anophthalmic socket -- section IX. Lacrimal drainage system -- section X. Cosmetic oculofacial plastic surgery. 410 0$aCurbside consultation in ophthalmology series 606 $aOphthalmic plastic surgery$vMiscellanea 615 0$aOphthalmic plastic surgery 676 $a617.7/1 701 $aKersten$b Robert C$01019258 701 $aMcCulley$b Timothy J$01019259 801 0$bMiAaPQ 801 1$bMiAaPQ 801 2$bMiAaPQ 906 $aBOOK 912 $a9910789053903321 996 $aCurbside consultation in oculoplastics$92401956 997 $aUNINA LEADER 04581nam 22007095 450 001 9910253905803321 005 20200706105052.0 010 $a3-319-33299-6 024 7 $a10.1007/978-3-319-33299-4 035 $a(CKB)3710000000765402 035 $a(DE-He213)978-3-319-33299-4 035 $a(MiAaPQ)EBC4612980 035 $a(PPN)194512118 035 $a(EXLCZ)993710000000765402 100 $a20160725d2016 u| 0 101 0 $aeng 135 $aurnn|008mamaa 181 $ctxt$2rdacontent 182 $cc$2rdamedia 183 $acr$2rdacarrier 200 10$aDental Stem Cells: Regenerative Potential /$fedited by Barbara Zavan, Eriberto Bressan 205 $a1st ed. 2016. 210 1$aCham :$cSpringer International Publishing :$cImprint: Humana,$d2016. 215 $a1 online resource (IX, 287 p. 39 illus., 34 illus. in color.) 225 1 $aStem Cell Biology and Regenerative Medicine,$x2196-8985 311 $a3-319-33297-X 320 $aIncludes bibliographical references at the end of each chapters and index. 327 $a1. Dental stem cell (DSC): classification and properties -- 2. Protocols for DSC isolation, amplification and differentiation -- 3. Isolation and Cryopreservation of Stem Cells from Dental Tissues -- 4. Epigenetics of Dental Stem Cells -- 5. Dental Stem Cells and Growth Factors -- 6. Nano surface & Stem Cells for Implants -- 7. Dental Pulp Stem Cells and Hydrogel in Pulp Regeneration -- 8. Dental stem cells for pulp regeneration -- 9. Stem cells for periodontal regeneration -- 10. Dental stem cells for tooth regeneration -- 11. Dental stem cells for bone regeneration -- 12. Neuronal properties of Dental Stem Cells -- 13. MSCs and Biomaterials -- 14. DSC As A New Cellular Resource For Corneal Stromal Regeneration -- 15. DSC-differentiated hepatocytes for treatment of liver diseases. 330 $aThis book focuses on the basic aspects of dental stem cells (DSCs) as well as their clinical applications in tissue engineering and regenerative medicine. It opens with a discussion of classification, protocols, and properties of DSCs and proceeds to explore DSCs within the contexts of cryopreservation; epigenetics; pulp, periodontal, tooth, bone, and corneal stroma regeneration; neuronal properties, mesenchymal stem cells and biomaterials; and as sources of hepatocytes for liver disease treatment. The fifteen expertly authored chapters comprehensively examine possible applications of DSCs and provide invaluable insights into mechanisms of growth and differentiation. Dental Stem Cells: Regenerative Potential draws from a wealth of international perspectives and is an essential addition to the developing literature on dental stem cells. This installment of Springer?s Stem Cell Biology and Regenerative Medicine series is indispensable for biomedical researchers interested in bioengineering, dentistry, tissue engineering, regenerative medicine, cell biology and oncology. 410 0$aStem Cell Biology and Regenerative Medicine,$x2196-8985 606 $aRegenerative medicine 606 $aTissue engineering 606 $aStem cells 606 $aBiomedical engineering 606 $aDentistry 606 $aBiomaterials 606 $aRegenerative Medicine/Tissue Engineering$3https://scigraph.springernature.com/ontologies/product-market-codes/L16080 606 $aStem Cells$3https://scigraph.springernature.com/ontologies/product-market-codes/L16010 606 $aBiomedical Engineering and Bioengineering$3https://scigraph.springernature.com/ontologies/product-market-codes/T2700X 606 $aDentistry$3https://scigraph.springernature.com/ontologies/product-market-codes/D00009 606 $aBiomaterials$3https://scigraph.springernature.com/ontologies/product-market-codes/Z13000 615 0$aRegenerative medicine. 615 0$aTissue engineering. 615 0$aStem cells. 615 0$aBiomedical engineering. 615 0$aDentistry. 615 0$aBiomaterials. 615 14$aRegenerative Medicine/Tissue Engineering. 615 24$aStem Cells. 615 24$aBiomedical Engineering and Bioengineering. 615 24$aDentistry. 615 24$aBiomaterials. 676 $a612.31 702 $aZavan$b Barbara$4edt$4http://id.loc.gov/vocabulary/relators/edt 702 $aBressan$b Eriberto$4edt$4http://id.loc.gov/vocabulary/relators/edt 801 0$bMiAaPQ 801 1$bMiAaPQ 801 2$bMiAaPQ 906 $aBOOK 912 $a9910253905803321 996 $aDental Stem Cells: Regenerative Potential$92532389 997 $aUNINA LEADER 02941nam 22006013u 450 001 9911004858103321 005 20230803194254.0 010 $a1-280-37236-2 010 $a9786610372362 010 $a1-59124-034-4 010 $a1-85573-629-2 035 $a(CKB)111056552541816 035 $a(EBL)269243 035 $a(OCoLC)475996055 035 $a(SSID)ssj0000071574 035 $a(PQKBManifestationID)11979976 035 $a(PQKBTitleCode)TC0000071574 035 $a(PQKBWorkID)10111415 035 $a(PQKB)11749488 035 $a(MiAaPQ)EBC269243 035 $a(Au-PeEL)EBL269243 035 $a(CaONFJC)MIL37236 035 $a(OCoLC)936840688 035 $a(EXLCZ)99111056552541816 100 $a20151005d2014|||| u|| | 101 0 $aeng 135 $aur|n|---||||| 181 $ctxt 182 $cc 183 $acr 200 10$aChilled foods$b[electronic resource] $eA comprehensive guide 205 $a2nd ed. 210 $cWoodhead Publishing Limited$d2014 215 $a1 online resource (503 p.) 300 $aDescription based upon print version of record. 311 $a1-85573-499-0 327 $a""Preliminaries""; ""Contents""; ""Preface""; ""Introduction the chilled foods market""; ""1 Raw material selection: fruit and vegetables""; ""2 Raw material selection dairy ingredients""; ""3 Raw material selection meat and poultry""; ""5 Temperature monitoring and measurement""; ""6 Chilled food packaging""; ""7 Chilled foods microbiology""; ""8 Conventional and rapid analytical microbiology""; ""9 Non-microbial factors affecting quality and safety""; ""10 Shelf-life determination and challenge testing""; ""11 Microbiological hazards and safe process design"" 327 $a""12 Quality and consumer acceptability""""13 The hygienic design of chilled foods plant""; ""14 Cleaning and disinfection""; ""15 Total quality management""; ""16 Legislation""; ""Index"" 330 $aThe first edition of Chilled foods quickly established itself as the standard guide to quality issues in one of the most rapidly growing sectors in the food industry. This major new edition is set to consolidate and extend that reputation. This new edition has been thoroughly revised and updated and includes three new chapters on the subject of raw material selection. This book provides a comprehensive guide to all the factors involved in providing the consumer with safe, high quality products. Since the publication of the first edition of Chilled foods there have been important developments i 606 $aCold storage 606 $aRefrigerated foods 615 4$aCold storage. 615 4$aRefrigerated foods. 676 $a664.02852 700 $aStringer$b M$01824139 701 $aDennis$b C$01824140 801 0$bAU-PeEL 801 1$bAU-PeEL 801 2$bAU-PeEL 906 $aBOOK 912 $a9911004858103321 996 $aChilled foods$94391200 997 $aUNINA